LEADER 00941cam0 22002533 450 001 SON0003959 005 20130118102759.0 010 $a8813201389 100 $a20010126d1997 |||||ita|0103 ba 101 $aita 102 $aIT 200 1 $a<>attuazione delle 3. direttive CEE in materia di assicurazioni vita e danni$ei decreti 17 marzo 1995 n.174 e 175: prime considerazioni e testi normativi$fCiro G.Corvese 210 $aPadova$cCEDAM$d1997 215 $a170 p.$d24 cm 700 1$aCorvese$b, Ciro G.$3AF00008695$4070$0237300 801 0$aIT$bUNISOB$c20130118$gRICA 850 $aUNISOB 852 $aUNISOB$j340$m94101 912 $aSON0003959 940 $aM 102 Monografia moderna SBN 941 $aM 957 $a340$b001534$gSI$d94101$rACQUISTO$1bethb$2UNISOB$3UNISOB$420130118102710.0$520130118102726.0$6bethb 996 $aAttuazione delle 3. direttive CEE in materia di assicurazioni vita e danni$9883396 997 $aUNISOB